| 000 | 00624nam a2200193 a 4500 | ||
|---|---|---|---|
| 001 | 1139 | ||
| 003 | CDMR | ||
| 005 | 20131014133601.0 | ||
| 008 | 130130s1997||||||||||||||||||||||||||||d | ||
| 020 | _a8492028955 | ||
| 040 |
_aCDMR _bcat _cCPC GIRONA |
||
| 100 | 1 |
_9423 _aBurguet Ardiaca, Francesc |
|
| 245 | 1 | 4 |
_aEls diaris de la Rambla _b: memòries del periodista Lluís Aymamí i Baudina (1899-1979) _cFrancesc Burguet |
| 260 |
_c1997 _bDiputació de Barcelona _aBarcelona : |
||
| 490 | 0 |
_aVaixells de Paper _v22 |
|
| 600 | 1 |
_96 _aAymami i Baudina, Lluís |
|
| 650 | 0 | 4 |
_93139 _aPeriodistes catalans _vBiografia |
| 942 |
_cMON _2ddc |
||
| 999 |
_c1139 _d1139 |
||